| 000 | 00423nam a2200169Ia 4500 | ||
|---|---|---|---|
| 003 | GCL | ||
| 008 | 140319s9999 xx 000 0 eng d | ||
| 040 |
_aGCL / _cGCL |
||
| 082 | 0 | 4 |
_a760 _bP P |
| 100 | 1 | _aPIPES, ALAN | |
| 245 | 1 | 0 |
_aPRODUCTION FOR GRAPHIC DESIGNERS / _cPIPES, ALAN |
| 260 |
_a[S.N] : _bLAURENCE KING ، _c1992 |
||
| 300 | _a208 P | ||
| 650 | 0 | 4 | _aPRINTMAKING |
| 650 | 0 | 4 | _aGRAPHIC ARTS |
| 942 |
_2ddc _cBK |
||
| 999 |
_c25690 _d25690 |
||